| Tag |
First Indicator |
Second Indicator |
Subfields |
| LEADER |
00000cam a2200000 a 4500 |
| 001 |
in00004635019 |
| 006 |
m o d |
| 007 |
cr bn||||||abp |
| 007 |
cr bn||||||ada |
| 008 |
140928s1990 ksua ob 001 0 eng d |
| 005 |
20230103223353.8 |
| 010 |
|
|
|z 90011967
|
| 035 |
|
|
|a (OCoLC)ocn891564554
|
| 040 |
|
|
|a OCLCE
|b eng
|e pn
|c OCLCE
|d OCLCO
|d OCLCQ
|d INARC
|d OCLCF
|d OCLCQ
|d OCLCO
|d OCLCQ
|d P@U
|d JSTOR
|d OCLCO
|d YDX
|
| 019 |
|
|
|a 1028856471
|a 1289916876
|a 1292941284
|a 1294675877
|
| 020 |
|
|
|a 9780700631018
|
| 020 |
|
|
|a 0700631011
|
| 020 |
|
|
|z 0700604685
|q (alk. paper)
|
| 020 |
|
|
|z 9780700604685
|q (alk. paper)
|
| 035 |
|
|
|a (OCoLC)891564554
|z (OCoLC)1028856471
|z (OCoLC)1289916876
|z (OCoLC)1292941284
|z (OCoLC)1294675877
|
| 037 |
|
|
|a 22573/ctv1p135v8
|b JSTOR
|
| 042 |
|
|
|a dlr
|
| 043 |
|
|
|a np-----
|
| 050 |
|
4 |
|a SB189.73
|b .I74 1990
|
| 055 |
|
3 |
|a SB189 .73
|b I73 1990
|
| 070 |
|
|
|a SB189.73.I74
|b 1990
|
| 072 |
|
0 |
|a N200
|
| 072 |
|
7 |
|a HIS
|x 036090
|2 bisacsh
|
| 072 |
|
7 |
|a NAT
|x 045020
|2 bisacsh
|
| 082 |
0 |
4 |
|a 633.1/045/0978
|2 20
|
| 049 |
|
|
|a TXAM
|
| 100 |
1 |
|
|a Isern, Thomas D.
|q (Thomas Dean),
|d 1952-
|
| 245 |
1 |
0 |
|a Bull threshers and bindlestiffs :
|b harvesting and threshing on the North American plains /
|c Thomas D. Isern.
|
| 260 |
|
|
|a Lawrence, Kan. :
|b University Press of Kansas,
|c ©1990.
|
| 300 |
|
|
|a 1 online resource (xiii, 248 pages) :
|b illustrations
|
| 336 |
|
|
|a text
|b txt
|2 rdacontent
|
| 337 |
|
|
|a computer
|b c
|2 rdamedia
|
| 338 |
|
|
|a online resource
|b cr
|2 rdacarrier
|
| 504 |
|
|
|a Includes bibliographical references (pages 221-243).
|
| 588 |
0 |
|
|a Print version record.
|
| 538 |
|
|
|a Master and use copy. Digital master created according to Benchmark for Faithful Digital Reproductions of Monographs and Serials, Version 1. Digital Library Federation, December 2002.
|u http://purl.oclc.org/DLF/benchrepro0212
|5 MiAaHDL
|
| 583 |
1 |
|
|a digitized
|c 2014
|h HathiTrust Digital Library
|l committed to preserve
|2 pda
|5 MiAaHDL
|
| 650 |
|
0 |
|a Grain
|x Harvesting
|x Technological innovations
|z Great Plains
|x History.
|
| 650 |
|
0 |
|a Threshing
|x Technological innovations
|z Great Plains
|x History.
|
| 650 |
|
0 |
|a Grain
|x Harvesting
|x Machinery
|z Great Plains
|x History.
|
| 650 |
|
0 |
|a Threshing machines
|z Great Plains
|x History.
|
| 650 |
|
0 |
|a Farm life
|z Great Plains.
|
| 650 |
|
0 |
|a Harvesting machinery
|z Great Plains
|x History.
|
| 650 |
|
0 |
|a Agricultural laborers
|z Great Plains
|x History
|y 20th century.
|
| 650 |
|
6 |
|a Céréales
|x Récolte
|x Innovations
|z Grandes Plaines
|x Histoire.
|
| 650 |
|
6 |
|a Battage
|x Innovations
|z Grandes Plaines
|x Histoire.
|
| 650 |
|
6 |
|a Machines de récolte
|z Grandes Plaines
|x Histoire.
|
| 650 |
|
6 |
|a Batteuses
|z Grandes Plaines
|x Histoire.
|
| 650 |
|
6 |
|a Vie à la ferme
|z Grandes Plaines.
|
| 650 |
|
6 |
|a Travailleurs agricoles
|z Grandes Plaines
|x Histoire
|y 20e siècle.
|
| 650 |
|
7 |
|a HISTORY / United States / State & Local / Midwest (IA, IL, IN, KS, MI, MN, MO, ND, NE, OH, SD, WI)
|2 bisacsh
|
| 650 |
|
7 |
|a Farm life.
|2 fast
|0 (OCoLC)fst00921052
|
| 650 |
|
7 |
|a Grain
|x Harvesting
|x Machinery.
|2 fast
|0 (OCoLC)fst00945936
|
| 650 |
|
7 |
|a Threshing machines.
|2 fast
|0 (OCoLC)fst01150353
|
| 651 |
|
7 |
|a Great Plains.
|2 fast
|0 (OCoLC)fst01240567
|
| 655 |
|
7 |
|a Electronic books.
|2 local
|
| 655 |
|
7 |
|a History.
|2 fast
|0 (OCoLC)fst01411628
|
| 710 |
2 |
|
|a JSTOR (Organization)
|
| 776 |
0 |
8 |
|i Print version:
|a Isern, Thomas D. (Thomas Dean), 1952-
|t Bull threshers and bindlestiffs.
|d Lawrence, Kan. : University Press of Kansas, ©1990
|w (DLC) 90011967
|w (OCoLC)21038848
|
| 830 |
|
0 |
|a Book collections on Project MUSE.
|
| 856 |
4 |
0 |
|u https://www.jstor.org/stable/10.2307/j.ctv1p2gkpt
|z Connect to the full text of this electronic book
|t 0
|
| 955 |
|
|
|a JSTOR Open Access ebooks
|
| 994 |
|
|
|a 92
|b TXA
|
| 999 |
f |
f |
|s 2d40d5c5-3946-4cf6-83e8-e8a8b186c54e
|i acdc1125-4059-4ebb-acab-a4823c633c97
|t 0
|
| 952 |
f |
f |
|a Texas A&M University
|b College Station
|c Electronic Resources
|d Available Online
|t 0
|e SB189.73 .I74 1990
|h Library of Congress classification
|
| 998 |
f |
f |
|a SB189.73 .I74 1990
|t 0
|l Available Online
|